Letters of a king-maker of the eighteenth century : (Record no. 22119)

MARC details
000 -LEADER
fixed length control field 01540cam a2200397 i 4500
001 - CONTROL NUMBER
control field 1780020
003 - CONTROL NUMBER IDENTIFIER
control field BDDh-ASL
005 - DATE AND TIME OF LATEST TRANSACTION
control field 20231015030104.0
008 - FIXED-LENGTH DATA ELEMENTS--GENERAL INFORMATION
fixed length control field 770421s1972 enk b 001 0 eng
010 ## - LIBRARY OF CONGRESS CONTROL NUMBER
LC control number 77354679
015 ## - NATIONAL BIBLIOGRAPHY NUMBER
National bibliography number GB73-27857
020 ## - INTERNATIONAL STANDARD BOOK NUMBER
International Standard Book Number 0210222549 :
Terms of availability £3.00
040 ## - CATALOGING SOURCE
Original cataloging agency DLC
Transcribing agency DLC
Modifying agency DLC
-- BDDh-ASL
041 0# - LANGUAGE CODE
Language code of text/sound track or separate title engper
043 ## - GEOGRAPHIC AREA CODE
Geographic area code a-ii---
050 00 - LIBRARY OF CONGRESS CALL NUMBER
Classification number DS461.8
Item number .B3413
082 00 - DEWEY DECIMAL CLASSIFICATION NUMBER
Classification number 954.029
Item number BAL
100 1# - MAIN ENTRY--PERSONAL NAME
Personal name Bālmakand, Mahtah,
Dates associated with a name active 1719-1720.
240 10 - UNIFORM TITLE
Uniform title Bālmakandnāmah.
Language of a work English and Persian
245 10 - TITLE STATEMENT
Title Letters of a king-maker of the eighteenth century :
Remainder of title (Bālmukund Nāma) /
Statement of responsibility, etc. by Mehta Bālmukund ; English translation [from the Persian] with introduction and notes by Satish Chandra.
260 ## - PUBLICATION, DISTRIBUTION, ETC.
Place of publication, distribution, etc. London :
Name of publisher, distributor, etc. Asia Publishing House for Aligarh Muslim University, Department of History, The Centre of Advanced Study,
Date of publication, distribution, etc. 1972.
300 ## - PHYSICAL DESCRIPTION
Extent 131, iv, [72] p. :
Dimensions 25 cm.
500 ## - GENERAL NOTE
General note English and Persian text; notes in English.
500 ## - GENERAL NOTE
General note Letters written on behalf of Saiyid Abdullah Khan.
500 ## - GENERAL NOTE
General note Includes index.
504 ## - BIBLIOGRAPHY, ETC. NOTE
Bibliography, etc. note Bibliography: p. i-iv.
600 20 - SUBJECT ADDED ENTRY--PERSONAL NAME
Personal name Abdullah Khan, Saiyid,
Dates associated with a name -1723.
650 #0 - SUBJECT ADDED ENTRY--TOPICAL TERM
Topical term or geographic name entry element Civilization, Modern
Chronological subdivision 18th century
General subdivision Correspondence.
651 #0 - SUBJECT ADDED ENTRY--GEOGRAPHIC NAME
Geographic name Mogul Empire
General subdivision History
-- Sources.
651 #0 - SUBJECT ADDED ENTRY--GEOGRAPHIC NAME
Geographic name Mogul Empire
General subdivision Kings and rulers
-- Correspondence.
700 1# - ADDED ENTRY--PERSONAL NAME
Personal name Chandra, Satish,
Dates associated with a name 1922-
700 2# - ADDED ENTRY--PERSONAL NAME
Personal name Abdullah Khan, Saiyid,
Dates associated with a name -1723.
740 ## - ADDED ENTRY--UNCONTROLLED RELATED/ANALYTICAL TITLE
Uncontrolled related/analytical title Bālmukund Nāma.
906 ## - LOCAL DATA ELEMENT F, LDF (RLIN)
a 7
b cbc
c orignew
d 3
e ncip
f 19
g y-gencatlg
942 ## - ADDED ENTRY ELEMENTS (KOHA)
Source of classification or shelving scheme Dewey Decimal Classification
Koha item type Books
Holdings
Withdrawn status Lost status Source of classification or shelving scheme Damaged status Not for loan Collection code Home library Current library Shelving location Date acquired Source of acquisition Total Checkouts Full call number Barcode Date last seen Copy number Price effective from Koha item type Public note
    Dewey Decimal Classification     Non-fiction Asiatic Society Library Asiatic Society Library General Stacks 02/21/2021 ASB Library Collections   954.029 BAL 106252 02/21/2021 C-1 02/21/2021 Books RARE
    Dewey Decimal Classification     Non-fiction Asiatic Society Library Asiatic Society Library General Stacks 02/21/2021 ASB Library Collections   954.029 BAL 106255 02/21/2021 C-2 02/21/2021 Books RARE
    Dewey Decimal Classification     Non-fiction Asiatic Society Library Asiatic Society Library General Stacks 02/21/2021 ASB Library Collections   954.029 BAL 106256 02/21/2021 C-3 02/21/2021 Books RARE
    Dewey Decimal Classification     Non-fiction Asiatic Society Library Asiatic Society Library General Stacks 03/14/2021 ASB Collection   954.029 BAL 107557 03/14/2021 C-4 03/14/2021 Books  
    Dewey Decimal Classification     Non-fiction Asiatic Society Library Asiatic Society Library General Stacks 03/14/2021 ASB Collection   954.029 BAL 107558 03/14/2021 C-5 03/14/2021 Books  

Powered by Koha